Statistics for Movie Titles with Shared First Words #10

Click here to take the quiz!

General Stats

  • This quiz has been taken 1,311 times
  • The average score is 13 of 24

Answer Stats

Ends Of Movie TitlesFirst Word% Correct
Trek, WarsStar
95%
Day, Swan, PantherBlack
91%
Best Friend's Wedding, Bloody ValentineMy
91%
Another Day, HardDie
90%
Rooms, Weddings And A FuneralFour
85%
Pursuit, Fuzz, Summer NightsHot
85%
Of Steel, On The MoonMan
84%
Of The Nerds, Of The Pink PantherRevenge
68%
Mike, In The MoonlightMagic
67%
Room, Book, LanternGreen
65%
Steel, Velvet, ValentineBlue
61%
Carter, Shorty, HardGet
61%
Of Chucky, WarsBride
57%
Pursuit, Mountain, WarCold
54%
The Titans, Me, The NightRemember
48%
Me Crazy, Angry, HardDrive
44%
Kids, Game, HardSpy
38%
Of Rambow, Of The Pink PantherSon
26%
The Titanic, The Red LanternRaise
24%
Mike, Crazy, FatherLike
17%
Of Chucky, Of The Pink PantherCurse
16%
Mine, Crazy, AliceStill
16%
Of Chucky, Of InnocenceSeed
12%
Of Chucky, Of The CobraCult
7%

Score Distribution

Percentile by Number Answered

Percent of People with Each Score

Your Score History

You have not taken this quiz